|
|
|
|
| LEADER |
00998nam a2200277 a 4500 |
| 001 |
1081 |
| 003 |
BD-DhAAL |
| 005 |
20150303092735.0 |
| 008 |
150303s1994 enka b 001 0 eng d |
| 010 |
|
|
|a 95107362
|
| 020 |
|
|
|a 0333588762 (hardcover)
|
| 020 |
|
|
|a 0333588770 (pbk.)
|
| 040 |
|
|
|a IaAS
|c IaAS
|d DLC
|d BD-DhAAL
|
| 050 |
0 |
0 |
|a HF5549
|b .B789 1994
|
| 082 |
0 |
0 |
|a 658.3
|2 21
|
| 100 |
1 |
|
|a Bratton, John.
|9 8942
|
| 245 |
1 |
0 |
|a Human resource management :
|b theory and practice /
|c John Bratton and Jeffrey Gold.
|
| 260 |
|
|
|a Houndmills, Basingstoke, Hampshire :
|b Macmillan,
|c 1994.
|
| 300 |
|
|
|a xvi, 342 p. :
|b ill. ;
|c 24 cm.
|
| 504 |
|
|
|a Includes bibliographical references (p. 329-339) and index.
|
| 541 |
|
|
|e 1081
|
| 650 |
|
0 |
|a Personnel management.
|9 8943
|
| 700 |
1 |
|
|a Gold, Jeffrey.
|9 8944
|
| 942 |
|
|
|2 ddc
|c BK
|
| 999 |
|
|
|c 33848
|d 33848
|
| 952 |
|
|
|0 0
|1 0
|2 ddc
|4 0
|6 658_300000000000000_BRA
|7 0
|9 52838
|a SCL
|b SCL
|c GEN
|d 2015-03-03
|e NSU Bookshop
|l 0
|o 658.3 BRA
|p 3020001081
|r 2015-03-03
|t 1
|w 2015-03-03
|y BK
|